000
00287nam a22001337a 4500
082
_a
894.812.3
_b
MOH/P
100
_a
MOHANKUMAR, EZHAMKULAM
245
_a
PUNNARAM PAVA
250
_a
FIRST
260
_a
KOLLAM
_b
NALAY BOOKS
_c
2001
300
_a
43
650
_a
STORY
_z
KERALA
942
_c
BK
999
_c
1792
_d
1792